| 000 | 00403 a2200157 4500 | ||
|---|---|---|---|
| 005 | 20260417115026.0 | ||
| 008 | 260131b |||||||| |||| 00| 0 eng d | ||
| 020 | _a9780143470052 | ||
| 080 |
_a820-94 _bPAM/M |
||
| 100 | _aPamuk ,Orhan | ||
| 245 | _aMemories of distant mountain | ||
| 260 |
_bPenguin books. _aIndia. _c2024. |
||
| 300 | _a377p. | ||
| 653 | _aMemoir-English Literature | ||
| 942 | _cOO | ||
| 999 |
_c114828 _d114827 |
||